The Blackwell companion to organizations

Αποθηκεύτηκε σε:
Λεπτομέρειες βιβλιογραφικής εγγραφής
Άλλοι συγγραφείς: Baum, Joel A. C. (Επιμελητής έκδοσης)
Μορφή: Βιβλίο
Γλώσσα:English
Δημοσίευση: Malden, Mass. : Blackwell, c2005.
Θέματα:
Ετικέτες: Προσθήκη ετικέτας
Δεν υπάρχουν, Καταχωρήστε ετικέτα πρώτοι!

MARC

LEADER 00000cam a2200000 a 4500
001 1/115229
008 171011s2005####mau| ||| |||| ||eng||
020 |a 0631216952   |q (χαρτόδετο) 
040 |a GR-MyUa  |b gre  |c GR-MyUa  |e AACR2 
041 0 |a eng 
082 7 |a 302.35   |2 (23) 
245 0 3 |a The Blackwell companion to organizations /   |c edited by Joel A.C. Baum.  
246 1 |i Άλλες παραλλαγές του τίτλου:   |a Companion to organizations 
260 |a Malden, Mass. :   |b Blackwell,   |c c2005.  
300 |a xxxi, 957 σ. ;   |c 25 εκ. 
504 |a Περιλαμβάνει βιβλιογραφίες και ευρετήρια.  
650 0 |a Organizational behavior. 
650 0 |a Organization. 
650 0 |a Management. 
700 1 |a Baum, Joel A. C.  |e edt 
852 |a INST  |b SYROS  |e 20171011  |h 302.35 BLA  |p 005500013192  |q 005500013192  |t BK  |y 0 
970 |a Κοντού  |b Παρασκευή  |z 11/10/2017